Česká retrospektivní bibliografie [ ... vychází v rámci projektu Grantové agentury ČR č. 409/06/1172] Řada 2 Časopisy Díl 1 Časopisy České republiky od počátku do roku 1918 (CERBI C1) Část 1 Bibliografie Sv. 2, O-Ž

Bibliographic Details
Other Authors: Kubíček, Jaromír, 1938- (Compiler)
Format: Book
Language:Czech
English
German
Published: Brno Sdružení knihoven ČR Moravská zemská knihovna 2010
Subjects:

MARC

LEADER 00000nam a2200000 a 4500
001 vtls010280049
003 SK-MaSNL
005 20260302011747.0
008 211025s2010 xr f b 001 0 cze
020 |a 8086249263  |q (CERBI - kompletní dílo) 
020 |a 8086249352  |q (CERBI C - řada Časopisy) 
020 |a 9788086249520  |q (viaz. : Řada 2, díl 1, část 2) 
040 |a SNK  |b slo  |c SNK  |e AACR2 
041 0 |a cze  |a eng  |a ger 
043 |a e-xr--- 
044 |a xr  |c CZ 
072 7 |a 070  |x Noviny. Tlač. Žurnalistika  |2 konspekt 
072 7 |a 01  |x Bibliografia. Katalógy  |2 konspekt 
080 |a 070.48  |2 2001 
080 |a 050+070.48  |2 2001 
080 |a (437.3)  |2 2001 
080 |a 014-026.452  |2 2001 
080 |a (048.8)  |2 2001 
080 |a (0.027)  |2 2001 
245 0 0 |a Česká retrospektivní bibliografie  |b [ ... vychází v rámci projektu Grantové agentury ČR č. 409/06/1172]  |n Řada 2  |p Časopisy  |n Díl 1  |p Časopisy České republiky od počátku do roku 1918 (CERBI C1)  |n Část 1  |p Bibliografie  |n Sv. 2, O-Ž  |c Jaromír Kubíček a kolektiv 
246 3 0 |a Časopisy 
246 3 0 |a Časopisy České republiky od počátku do roku 1918 
246 1 8 |a CERBI C1 
246 3 0 |a Bibliografie 
260 |a Brno  |b Sdružení knihoven ČR  |b Moravská zemská knihovna  |c 2010 
300 |a 397 s.  |c 25 cm 
500 |a Frontispis s chybným označením řady 1 - Časopisy, správny údaj uvedený na patitule 
500 |a Na obale použitá pretlač tit. strany z roku 1820: "Kraméryusowy cýsařské králowské wlastenské nowiny, a Čechoslaw" 
546 |a Súbež. text nem., angl. 
648 7 |a do 1918  |2 SNKPH  |9 280155 
650 0 7 |a časopisy  |2 SNKPH  |9 1421 
650 0 7 |a periodiká  |2 SNKPH  |9 1414 
650 0 7 |a Journals  |2 SNKPHeng  |9 420354 
650 0 7 |a Periodicals  |2 SNKPHeng  |9 266696 
651 7 |a Česko  |2 SNKPH  |9 16753 
651 7 |a Czechia  |2 SNKPHeng 
655 7 |a retrospektívna bibliografia  |2 SNKPH  |9 280158 
655 7 |a kritické vydania  |2 SNKPH  |9 101217 
655 7 |a prehľady  |2 SNKPH  |9 70194 
655 7 |a Retrospective bibliography  |2 SNKPHeng  |9 316551 
655 7 |a Critical issues  |2 SNKPHeng  |9 411411 
655 7 |a Surveys  |2 SNKPHeng  |9 266058 
700 1 |a Kubíček, Jaromír,  |d 1938-  |4 com  |9 48338 
919 |a 978-80-86249-52-0 
999 |c 1007321  |d 1009251 
952 |a SNK  |b SNK  |y VYP  |7 0  |p 17A0631581  |o snkIC 136296/1/1/2  |i snk2011/11679  |8 1  |0 0  |1 0  |4 0  |d 2011-05-20  |l 0  |r 2026-02-24 12:40:23  |w 2026-02-24